000 00500nam a2200193Ia 4500
005 20251120192926.0
008 230125s9999 xx 000 0 und d
020 _a81-7418-171-7
041 _aeng
082 _a158.1
_bPAW
100 _aPawar P
_9215189
245 _aZatpat Vyaktimatav Kase Sudharal
260 _c2002
_bIndrayani Sahitya
_aPune
300 _a92p
500 _aPersonality Development
650 _aPersonality Development
_9213420
700 _aPawar P
_9215189
942 _cDB
999 _c92909
_d92909